Women in decision-making (Record no. 3930)

MARC details
000 -BAŞLIK
Sabit Uzunlukta Kontrol Alanı 00848na a2200265 4500
001 - KONTROL NUMARASI
Denetim Alanı 13356
003 - KONTROL NUMARASI IDENTIFIER
Denetim Alanı MIRAKIL
005 - SON İŞLEM TARİHİ VE ZAMANI
Denetim Alanı 20181213154948.0
008 - SABİT-BOY VERİ ELEMANLARI - GENEL BİLGİLER
Sabit Uzunlukta Kontrol Alanı 161010b tu 000 0
020 ## - ULUSLARARASI STANDART KİTAP NUMARASI
Uluslararası Standart Kitap Numarası 9072458567
035 ## - SİSTEM KONTROL NUMARASI
Sistem Kontrol Numarası 13356
040 ## - KATALOGLAMA KAYNAK
Orijinal Kataloglama Ajansı Milas
Kataloglama Dili tur
Metne Dönüştürmek Ajansı TR-AnCHP
041 ## - DİL KODU
Metin / Ses Parça Veya Ayrı Başlığın Dil Kodu eng
082 ## - DEWEY ONLU SINIFLANDIRMA NUMARASI
Sınıflandırma Numarası 305.4
Ürün Numarası A26w 1997
090 ## - SINIFLAMA NUMARASI
Sınıflama Numarası 305.4 A26w 1997
110 ## - ANA GİRİŞ - KURUMSAL ADI
Giriş Elemanı Olarak Kurumsal Ad Veya Yargı Alanı Adı African European İnstitute
111 ## - ANA GİRİŞ - TOPLANTI ADI
Giriş Elemanı Olarak Toplantı Adı Veya Yargı Alanı Adı Women in decision-making
Toplantının Yeri Cape Town
Toplantı Veya Antlaşma İmzalandığı Tarihi 1996
245 ## - BAŞLIK TABLOSU
Başlık Women in decision-making
Başlığın Kalan Seminar report, Cape Town, South Africa, 5 September 1996
Sorumluluk Tablosu, Vb African European İnstitute
260 ## - YAYIN, DAĞITIM, VB
Yayın, Dağıtım, Vb Yeri Cape Town
Yayıncı, Dağıtıcı, Vs Adı African European Institute
Yayın, Dağıtım, Vb Tarihi 1997
300 ## - FİZİKSEL TANIM
Kapsam 60 s.
Diğer Fiziksel Ayrıntıları res.
Boyutlar 25 sm.
650 ## - KONU KATMA GİRİŞ - TOPİKAL DÖNEM
Topikal Süreli Veya Coğrafi Ad Giriş Elemanı Eşitlik
Genel Alt Bölümü Siyasal haklar
Coğrafi Alt Bölümü Afrika
650 ## - KONU KATMA GİRİŞ - TOPİKAL DÖNEM
Topikal Süreli Veya Coğrafi Ad Giriş Elemanı Kadın hakları
Genel Alt Bölümü Toplantılar
650 ## - KONU KATMA GİRİŞ - TOPİKAL DÖNEM
Topikal Süreli Veya Coğrafi Ad Giriş Elemanı Toplumsal cinsiyet
Genel Alt Bölümü Toplantılar
Coğrafi Alt Bölümü Afrika
942 ## - EKLENDİ GİRİŞ ELEMANLARI (KOHA)
Sınıflandırma Veya Raf Düzeni Kaynak Dewey Decimal Classification
Koha Öğesi Türü Books
999 ## - SİSTEM KONTROL NUMARALARI (KOHA)
Koha Biblionumber 3930
Koha Biblioitemnumber 3930
Holdings
Kalıcı Konum Mevcut Konum Edinme Tarihi Edinim Kaynak Toplam Check-Out'Lar Tam Çağrı Numarası Barkod Tarih Son Görülme İtibaren Geçerli Fiyatlar Koha Öğesi Türü
CHP Kütüphanesi CHP Kütüphanesi 08/13/2016 Bağış   305.4 A26w 1997 001144 08/13/2016 08/13/2016 Books